<?xml version="1.0" encoding="UTF-8"?>
<marc:record xmlns:marc="http://www.loc.gov/MARC21/slim" type="Bibliographic">
   <marc:leader>00000pam a2200000 c 4500</marc:leader>
   <marc:controlfield tag="001">971569266</marc:controlfield>
   <marc:controlfield tag="003">DE-101</marc:controlfield>
   <marc:controlfield tag="005">20171203163350.0</marc:controlfield>
   <marc:controlfield tag="007">tu</marc:controlfield>
   <marc:controlfield tag="008">040618s2004    gw ||||| |||| 00||||ger  </marc:controlfield>
   <marc:datafield ind1=" " ind2=" " tag="015">
      <marc:subfield code="a">04,A43,0106</marc:subfield>
      <marc:subfield code="z">04,N29,0122</marc:subfield>
      <marc:subfield code="2">dnb</marc:subfield>
   </marc:datafield>
   <marc:datafield ind1="7" ind2=" " tag="016">
      <marc:subfield code="2">DE-101</marc:subfield>
      <marc:subfield code="a">971569266</marc:subfield>
   </marc:datafield>
   <marc:datafield ind1=" " ind2=" " tag="020">
      <marc:subfield code="a">9783893854509</marc:subfield>
      <marc:subfield code="c">kart. : EUR 12.90, EUR 13.30 (AT), sfr 23.50</marc:subfield>
      <marc:subfield code="9">978-3-89385-450-9</marc:subfield>
   </marc:datafield>
   <marc:datafield ind1=" " ind2=" " tag="020">
      <marc:subfield code="a">3893854509</marc:subfield>
      <marc:subfield code="c">kart. : EUR 12.90, EUR 13.30 (AT), sfr 23.50</marc:subfield>
      <marc:subfield code="9">3-89385-450-9</marc:subfield>
   </marc:datafield>
   <marc:datafield ind1="3" ind2=" " tag="024">
      <marc:subfield code="a">9783893854509</marc:subfield>
   </marc:datafield>
   <marc:datafield ind1=" " ind2=" " tag="035">
      <marc:subfield code="a">(DE-599)DNB971569266</marc:subfield>
   </marc:datafield>
   <marc:datafield ind1=" " ind2=" " tag="035">
      <marc:subfield code="a">(OCoLC)164888496</marc:subfield>
   </marc:datafield>
   <marc:datafield ind1=" " ind2=" " tag="040">
      <marc:subfield code="a">1245</marc:subfield>
      <marc:subfield code="b">ger</marc:subfield>
      <marc:subfield code="c">DE-101</marc:subfield>
      <marc:subfield code="d">9999</marc:subfield>
   </marc:datafield>
   <marc:datafield ind1=" " ind2=" " tag="041">
      <marc:subfield code="a">ger</marc:subfield>
      <marc:subfield code="h">eng</marc:subfield>
   </marc:datafield>
   <marc:datafield ind1=" " ind2=" " tag="044">
      <marc:subfield code="c">XA-DE-BY</marc:subfield>
   </marc:datafield>
   <marc:datafield ind1="7" ind2="4" tag="082">
      <marc:subfield code="a">130</marc:subfield>
      <marc:subfield code="q">DE-101</marc:subfield>
      <marc:subfield code="2">22sdnb</marc:subfield>
   </marc:datafield>
   <marc:datafield ind1=" " ind2=" " tag="090">
      <marc:subfield code="a">b</marc:subfield>
   </marc:datafield>
   <marc:datafield ind1="1" ind2=" " tag="100">
      <marc:subfield code="0">(DE-588)11283759X</marc:subfield>
      <marc:subfield code="0">http://d-nb.info/gnd/11283759X</marc:subfield>
      <marc:subfield code="0">(DE-101)11283759X</marc:subfield>
      <marc:subfield code="a">Paulson, Genevieve Lewis</marc:subfield>
      <marc:subfield code="e">Verfasser</marc:subfield>
      <marc:subfield code="4">aut</marc:subfield>
   </marc:datafield>
   <marc:datafield ind1="0" ind2="0" tag="245">
      <marc:subfield code="a">&#x98;Das&#x9c; Kundalini- und Chakra-Handbuch</marc:subfield>
      <marc:subfield code="b">die Erweckung der Kundalini-Kraft als Weg zur spirituellen und persönlichen Entwicklung</marc:subfield>
      <marc:subfield code="c">Genevieve Lewis Paulson. [Aus dem Amerikan. übertr. von Matthias Schossig]</marc:subfield>
   </marc:datafield>
   <marc:datafield ind1=" " ind2=" " tag="250">
      <marc:subfield code="a">5. Aufl.</marc:subfield>
   </marc:datafield>
   <marc:datafield ind1=" " ind2=" " tag="259">
      <marc:subfield code="a">15</marc:subfield>
   </marc:datafield>
   <marc:datafield ind1=" " ind2="1" tag="264">
      <marc:subfield code="a">[Aitrang]</marc:subfield>
      <marc:subfield code="b">Windpferd</marc:subfield>
      <marc:subfield code="c">2004</marc:subfield>
   </marc:datafield>
   <marc:datafield ind1=" " ind2=" " tag="300">
      <marc:subfield code="a">219 S.</marc:subfield>
      <marc:subfield code="b">Ill., graph. Darst.</marc:subfield>
      <marc:subfield code="c">24 cm, 412 g</marc:subfield>
   </marc:datafield>
   <marc:datafield ind1=" " ind2=" " tag="336">
      <marc:subfield code="a">Text</marc:subfield>
      <marc:subfield code="b">txt</marc:subfield>
      <marc:subfield code="2">rdacontent</marc:subfield>
   </marc:datafield>
   <marc:datafield ind1=" " ind2=" " tag="337">
      <marc:subfield code="a">ohne Hilfsmittel zu benutzen</marc:subfield>
      <marc:subfield code="b">n</marc:subfield>
      <marc:subfield code="2">rdamedia</marc:subfield>
   </marc:datafield>
   <marc:datafield ind1=" " ind2=" " tag="338">
      <marc:subfield code="a">Band</marc:subfield>
      <marc:subfield code="b">nc</marc:subfield>
      <marc:subfield code="2">rdacarrier</marc:subfield>
   </marc:datafield>
   <marc:datafield ind1=" " ind2=" " tag="520">
      <marc:subfield code="a">In den Chakren liegt ein großes Energie- und Heilpotenzial, das sich über die Kundalini erwecken lässt, wodurch eine Vielfalt von neuen Gefühlen und eine ungeahnte Bewusstseinstiefe erlebt wird. Eine Kundalini, die noch wie ein Bär im Winter schläft, wird von der Kraft der Chakren aufgeweckt. Es ist dabei wichtig zu erfahren, auf welche Weise man diese starke Kraft kanalisieren kann, um sie zur persönlichen Entwicklung und zur spirituellen Entfaltung über den Weg der sieben Energiekörper zu nutzen. Mit diesem Buch erhalten wir ein vollständiges Kompendium dafür. Dieses Buch ist eine Initiation in ein Welt- und Menschenverständnis, dessen Wurzeln im Yoga des Alten Indien liegen und dessen Kraft sich hier und jetzt in allen Bereichen unseres Lebens voll entfalten kann. "Je mehr jeder Einzelne von uns die gewaltigen Energien der heutigen Zeit und ihre Wirkungen auf den Einzelnen wie auch auf das Leben des Planeten als Ganzes versteht, desto leichter und schneller werden wir die Früchte dieser Veränderungen ernten können."</marc:subfield>
   </marc:datafield>
   <marc:datafield ind1=" " ind2="7" tag="650">
      <marc:subfield code="0">(DE-588)4191710-8</marc:subfield>
      <marc:subfield code="0">http://d-nb.info/gnd/4191710-8</marc:subfield>
      <marc:subfield code="0">(DE-101)041917103</marc:subfield>
      <marc:subfield code="a">Kundalinī</marc:subfield>
      <marc:subfield code="2">gnd</marc:subfield>
   </marc:datafield>
   <marc:datafield ind1=" " ind2="7" tag="650">
      <marc:subfield code="0">(DE-588)4009303-7</marc:subfield>
      <marc:subfield code="0">http://d-nb.info/gnd/4009303-7</marc:subfield>
      <marc:subfield code="0">(DE-101)040093034</marc:subfield>
      <marc:subfield code="a">Chakra</marc:subfield>
      <marc:subfield code="2">gnd</marc:subfield>
   </marc:datafield>
   <marc:datafield ind1=" " ind2=" " tag="653">
      <marc:subfield code="a">(VLB-FS)Kundalini</marc:subfield>
   </marc:datafield>
   <marc:datafield ind1=" " ind2=" " tag="653">
      <marc:subfield code="a">(VLB-FS)Chakra</marc:subfield>
   </marc:datafield>
   <marc:datafield ind1=" " ind2=" " tag="653">
      <marc:subfield code="a">(VLB-PF)BC: Paperback</marc:subfield>
   </marc:datafield>
   <marc:datafield ind1=" " ind2=" " tag="653">
      <marc:subfield code="a">(VLB-WI)2: Taschenbuch</marc:subfield>
   </marc:datafield>
   <marc:datafield ind1=" " ind2=" " tag="653">
      <marc:subfield code="a">(VLB-WG)472: Esoterik, Anthroposophie / Esoterik</marc:subfield>
   </marc:datafield>
   <marc:datafield ind1="0" ind2="0" tag="689">
      <marc:subfield code="0">(DE-588)4191710-8</marc:subfield>
      <marc:subfield code="0">http://d-nb.info/gnd/4191710-8</marc:subfield>
      <marc:subfield code="0">(DE-101)041917103</marc:subfield>
      <marc:subfield code="D">s</marc:subfield>
      <marc:subfield code="a">Kundalinī</marc:subfield>
   </marc:datafield>
   <marc:datafield ind1="0" ind2=" " tag="689">
      <marc:subfield code="5">DE-101</marc:subfield>
      <marc:subfield code="5">DE-101</marc:subfield>
   </marc:datafield>
   <marc:datafield ind1="1" ind2="0" tag="689">
      <marc:subfield code="0">(DE-588)4009303-7</marc:subfield>
      <marc:subfield code="0">http://d-nb.info/gnd/4009303-7</marc:subfield>
      <marc:subfield code="0">(DE-101)040093034</marc:subfield>
      <marc:subfield code="D">s</marc:subfield>
      <marc:subfield code="a">Chakra</marc:subfield>
   </marc:datafield>
   <marc:datafield ind1="1" ind2=" " tag="689">
      <marc:subfield code="5">DE-101</marc:subfield>
      <marc:subfield code="5">DE-101</marc:subfield>
   </marc:datafield>
   <marc:datafield ind1="1" ind2="2" tag="700">
      <marc:subfield code="a">Paulson, Genevieve Lewis</marc:subfield>
      <marc:subfield code="t">Kundalini and the Chakras</marc:subfield>
      <marc:subfield code="g">dt.</marc:subfield>
   </marc:datafield>
   <marc:datafield ind1="0" ind2="0" tag="780">
      <marc:subfield code="i">Früher u.d.T.:</marc:subfield>
      <marc:subfield code="a">Paulson, Genevieve Lewis</marc:subfield>
      <marc:subfield code="t">&#x98;Das&#x9c; Kundalini-Handbuch</marc:subfield>
      <marc:subfield code="d">[Aitrang] : Windpferd-Verl.-Ges., 1992</marc:subfield>
      <marc:subfield code="h">265 S., Ill.</marc:subfield>
      <marc:subfield code="w">(DE-101)920716350</marc:subfield>
   </marc:datafield>
   <marc:datafield ind1="0" ind2="0" tag="785">
      <marc:subfield code="i">Später u.d.T.:</marc:subfield>
      <marc:subfield code="a">Paulson, Genevieve Lewis</marc:subfield>
      <marc:subfield code="t">&#x98;Das&#x9c; Chakra- und Kundalini-Übungsbuch</marc:subfield>
      <marc:subfield code="d">Oberstdorf : Windpferd, 2009</marc:subfield>
      <marc:subfield code="h">264 S., Ill.</marc:subfield>
      <marc:subfield code="w">(DE-101)994500742</marc:subfield>
   </marc:datafield>
   <marc:datafield ind1=" " ind2=" " tag="850">
      <marc:subfield code="a">DE-101a</marc:subfield>
      <marc:subfield code="a">DE-101b</marc:subfield>
   </marc:datafield>
   <marc:datafield ind1="r" ind2=" " tag="925">
      <marc:subfield code="a">ra</marc:subfield>
   </marc:datafield>
</marc:record>
